Từ điển địa danh Sài Gòn - Thành phố Hồ Chí Minh
Quyển sách là một trong những ấn phẩm của Hội văn nghệ dân gian Việt Nam đã sưu tầm và nghiên cứu những giá trị truyền thống của các dân tộc Việt Nam. Nội dung của quyển sách " Từ điển địa danh Sài Gòn - Thành phố Hồ Chí Minh"...
Uloženo v:
| Hlavní autor: | |
|---|---|
| Médium: | Kniha |
| Jazyk: | Undetermined |
| Vydáno: |
Hà Nội
Thời Đại
2011
|
| Témata: | |
| Tagy: |
Přidat tag
Žádné tagy, Buďte první, kdo otaguje tento záznam!
|
| Thư viện lưu trữ: | Trung tâm Học liệu Trường Đại học Cần Thơ |
|---|
| LEADER | 01151nam a2200205Ia 4500 | ||
|---|---|---|---|
| 001 | CTU_173561 | ||
| 008 | 210402s9999 xx 000 0 und d | ||
| 082 | |a 915.97003 | ||
| 082 | |b H401 | ||
| 100 | |a Lê, Trung Hoa | ||
| 245 | 0 | |a Từ điển địa danh Sài Gòn - Thành phố Hồ Chí Minh | |
| 245 | 0 | |c Lê Trung Hoa chủ biên, Nguyễn Đình Tư | |
| 260 | |a Hà Nội | ||
| 260 | |b Thời Đại | ||
| 260 | |c 2011 | ||
| 520 | |a Quyển sách là một trong những ấn phẩm của Hội văn nghệ dân gian Việt Nam đã sưu tầm và nghiên cứu những giá trị truyền thống của các dân tộc Việt Nam. Nội dung của quyển sách " Từ điển địa danh Sài Gòn - Thành phố Hồ Chí Minh" giải thích nguồn gốc ý nghĩa ban đầu và những biến đổi ban đầu,... | ||
| 650 | |a Vietnamese language,Vietnam (Ho Chi Minh City),Ngôn ngữ tiếng Việt | ||
| 650 | |x Description and travel | ||
| 904 | |i Tuyến | ||
| 980 | |a Trung tâm Học liệu Trường Đại học Cần Thơ | ||